000 00804nam a2200253 i 4500
001 14222
003 ES-MaACL
005 20230906150740.0
007 t|
008 981015s1995 it ||||1| ita d
020 _a88-7770-417-9
080 _a32(729.1)"1959/..."
100 1 _aLami, Lucio.
_969849
245 1 0 _aCuba libre era solo un cocktail
_b: viaggi nella crisi del castrismo /
_cLucio Lami ; postfazione di Carlos Alberto Montaner.
250 _a1ª ed.
260 _aMilano :
_bSpirali/Vel,
_c[1995]
300 _a249 p. ;
_c21 cm.
490 1 _aL'alingua ;
_v121
651 4 _aCuba-
_xPolítica y gobierno-
_y1959-
_9165118
700 1 _aMontarner, Carlos Alberto.
_982407
830 0 _aL'alingua ;
_v121
_9228493
852 _aES-MaACL
_jL-21416
_bR.124911
999 _c14222
_d14222